Joueur de Tennis par pays - Statistiques

Statistiques générales
  • Ce quiz a été pris 50 fois
  • Le résultat moyen est 24 sur 30
Statistiques - réponses
Joueur Réponse % Correct
Rafael Nadal Espagne
98%
Gaël Monfils France
98%
Novak Djokovic Serbie
98%
Alexander Zverev Allemagne
96%
Jannick Sinner Italie
96%
Danil Medvedev Russie
93%
Stanislas Wawrinka Suisse
93%
Stefanos Tsitsipas Grèce
91%
Casper Ruud Norvège
91%
Felix Auger-Aliassime Canada
89%
Ben Shelton Etats Uni
89%
Yibing Wu Chine
87%
Francisco Cerundolo Argentine
85%
Joao Fonseca Brésil
85%
Grigor Dimitrov Bulgarie
85%
Jack Draper Royaume-Uni
85%
Alex De Minaur Australie
83%
Holger Rune Danemark
83%
Zizou Bergs Belgique
80%
Nuno Borges Portugal
80%
Sebastian Ofner Autriche
78%
Valentin Vacherot Monaco
78%
Hubert Hurkacz Pologne
76%
Tomas Machac République Tchèque
76%
Marin Cilic Croatie
74%
Tallon Griekspoor Pays bas
74%
Fabian Maroszan Hongrie
65%
Alexander Bublik Kazakhstan
57%
Ignacio Buse Perou
48%
Alejandro Tabilo Chili
24%
Aucun quiz correspondant
Distribution des résultats
% des personnes avec chaque résultat
Percentile par nombre de réponses
Votre historique - résultats
Vous n’avez pas pris ce quiz